000 00418pab a2200145 454500
008 180718b2011 xxu||||| |||| 00| 0 eng d
100 _aTan, Celine
245 _aThe new biopower: Poverty reduction strategy papers and the obfuscation of international collective responsibility
260 _c2011
300 _ap.1039-1056.
650 _aPoverty
773 _aThird World Quarterly
908 _aN
909 _a92560
999 _c92560
_d92560